Funds : private equity, hedge and all core structures /

Bibliographic Details
Main Author: Hudson, Matthew, (Author)
Format: eBook
Language:English
Published: West Sussex, England : John Wiley & Sons, 2014.
Series:Wiley finance series.
Subjects:
Online Access:Click to View
LEADER 01910nam a2200481 i 4500
001 EBC1680799
003 MiAaPQ
005 20200520144314.0
006 m o d |
007 cr cnu||||||||
008 140516t20142014enka o 001 0 eng d
020 |z 9781118790403 
020 |z 9781118790274 
020 |z 9781118790380 
020 |a 9781118790366  |q (electronic bk.) 
035 |a (MiAaPQ)EBC1680799 
035 |a (Au-PeEL)EBL1680799 
035 |a (CaPaEBR)ebr10868212 
035 |a (CaONFJC)MIL604397 
035 |a (OCoLC)865004564 
040 |a MiAaPQ  |b eng  |e rda  |e pn  |c MiAaPQ  |d MiAaPQ 
043 |a e-uk-en 
050 4 |a HG106  |b .H83 2014 
082 0 |a 332.6327  |2 23 
100 1 |a Hudson, Matthew,  |e author. 
245 1 0 |a Funds :  |b private equity, hedge and all core structures /  |c Matthew Hudson. 
264 1 |a West Sussex, England :  |b John Wiley & Sons,  |c 2014. 
264 4 |c 2014 
300 |a 1 online resource (361 pages) :  |b illustrations, tables. 
336 |a text  |2 rdacontent 
337 |a computer  |2 rdamedia 
338 |a online resource  |2 rdacarrier 
490 1 |a Wiley Finance Series 
500 |a Includes index. 
588 |a Description based on online resource; title from PDF title page (ebrary, viewed May 15, 2014). 
590 |a Electronic reproduction. Ann Arbor, MI : ProQuest, 2015. Available via World Wide Web. Access may be limited to ProQuest affiliated libraries. 
650 0 |a Finance  |x Mathematical models. 
650 0 |a Hedge funds  |z England. 
655 4 |a Electronic books. 
776 0 8 |i Print version:  |a Hudson, Matthew.  |t Funds : private equity, hedge and all core structures.  |d West Sussex, England : John Wiley & Sons, c2014   |h xvii, 341 pages   |k Wiley finance series.  |z 9781118790403  
797 2 |a ProQuest (Firm) 
830 0 |a Wiley finance series. 
856 4 0 |u https://ebookcentral.proquest.com/lib/matrademy/detail.action?docID=1680799  |z Click to View